| 000 | 00402pab a2200169 454500 | ||
|---|---|---|---|
| 008 | 180718b2018 xxu||||| |||| 00| 0 eng d | ||
| 100 | _aNair, Meena | ||
| 245 | _aCitizen's charter in India | ||
| 260 | _c2018 | ||
| 300 | _ap.41-43. | ||
| 362 | _aFeb | ||
| 650 | _aCitizen participation | ||
| 650 | _aCitizen charter - India | ||
| 650 | _aCitizen charter | ||
| 773 | _aYojana | ||
| 909 | _a117170 | ||
| 999 |
_c117164 _d117164 |
||